2022 F1 Grid - Statistics

General Stats
  • This quiz has been taken 21 times
  • The average score is 21 of 22
Answer Stats
Hint Team Answer % Correct
ES Alpine Alonso
100%
FL Alfa Romeo Bottas
100%
FR Alpha Tauri Gasly
100%
GB Mercedes Hamilton
100%
MN Ferrari Leclerc
100%
GB McLaren Norris
100%
FR Alpine Ocon
100%
MX Red Bull Perez
100%
AU McLaren Ricciardo
100%
GB Mercedes Russell
100%
ES Ferrari Sainz
100%
CN Aston Martin Stroll
100%
NL Red Bull Verstappen
100%
DE Aston Martin Vettel
100%
TH Williams Albon
95%
DN Haas Magnussen
95%
JP Alpha Tauri Tsunoda
95%
CN Alfa Romeo Zhou
95%
DE Haas Schumacher
89%
NL Alpha Tauri De Vries
84%
DE Aston Martin Hulkenburg
84%
CN Williams Latifi
79%
No matching quizzes found
Score Distribution
Percent of People with Each Score
Percentile by Number Answered
Your Score History
You have not taken this quiz